QUANTITATIVE METHODS STUDY GUIDE (Record no. 13039)
[ view plain ]
| 000 -LEADER | |
|---|---|
| fixed length control field | 00314nam a2200121Ia 4500 |
| 008 - FIXED-LENGTH DATA ELEMENTS--GENERAL INFORMATION | |
| fixed length control field | 240624s9999 xx 000 0 und d |
| 041 ## - LANGUAGE CODE | |
| Language code of text/sound track or separate title | eng |
| 082 ## - DEWEY DECIMAL CLASSIFICATION NUMBER | |
| Classification number | 658.4033 ICF |
| 100 ## - MAIN ENTRY--PERSONAL NAME | |
| Personal name | ICFAI |
| 245 ## - TITLE STATEMENT | |
| Title | QUANTITATIVE METHODS STUDY GUIDE |
| 260 ## - PUBLICATION, DISTRIBUTION, ETC. | |
| Date of publication, distribution, etc. | 2005 |
| Place of publication, distribution, etc. | Hyderabad |
| Name of publisher, distributor, etc. | ICFAI University |
| 300 ## - PHYSICAL DESCRIPTION | |
| Extent | 264 : p. : cm. ; 27 |
| Withdrawn status | Lost status | Damaged status | Not for loan | Home library | Current library | Shelving location | Date acquired | Full call number | Barcode | Date last seen | Price effective from | Koha item type |
|---|---|---|---|---|---|---|---|---|---|---|---|---|
| IMTN | IMTN | Rack 26-B | 05/06/2009 | 658.4033 ICF | 13039 | 06/24/2024 | 06/24/2024 | Books |